NLSUI OPAC header image

The business of government/ (Record no. 5865)

MARC details
000 -LEADER
fixed length control field 00488nam a2200193Ia 4500
003 - CONTROL NUMBER IDENTIFIER
control field OSt
005 - DATE AND TIME OF LATEST TRANSACTION
control field 20260418154327.0
008 - FIXED-LENGTH DATA ELEMENTS--GENERAL INFORMATION
fixed length control field 160316s1987 xxu||||| |||| 00| 0 eng d
040 ## - CATALOGING SOURCE
Transcribing agency .
082 ## - DEWEY DECIMAL CLASSIFICATION NUMBER
Classification number 320.941 DER
100 ## - MAIN ENTRY--PERSONAL NAME
Personal name Derbyshire J Denis
245 ## - TITLE STATEMENT
Title The business of government/
Remainder of title J Denis Derbyshire
260 ## - PUBLICATION, DISTRIBUTION, ETC.
Place of publication, distribution, etc. Edinburgh :
Name of publisher, distributor, etc. W & R Chambers Ltd,
Date of publication, distribution, etc. 1987,
300 ## - PHYSICAL DESCRIPTION
Extent 262p
365 ## - TRADE PRICE
Price amount Rs.35/-
650 ## - SUBJECT ADDED ENTRY--TOPICAL TERM
Topical term or geographic name entry element Politics - Government - U K
700 ## - ADDED ENTRY--PERSONAL NAME
Personal name
--
942 ## - ADDED ENTRY ELEMENTS (KOHA)
Source of classification or shelving scheme Dewey Decimal Classification
Koha item type BOOKs
Holdings
Withdrawn status Lost status Damaged status Not for loan Home library Current library Shelving location Date acquired Cost, normal purchase price Total Checkouts Full call number Barcode Date last seen Price effective from Koha item type Source of classification or shelving scheme
        . . Library Compactors 30.05.2017 35.00   320.941 DER-1 6056 30.05.2017 30.05.2017 BOOKs  
        . . Library Compactors 30.05.2017 35.00   320.941 DER-2 6057 30.05.2017 30.05.2017 BOOKs  
        . . General Stacks 30.05.2017 35.00   320.941 DER-3 6058 30.05.2017 30.05.2017 BOOKs Dewey Decimal Classification
        . . Library Compactors 30.05.2017 35.00   320.941 DER-4 6059 30.05.2017 30.05.2017 BOOKs